000 00232nam a2200097Ia 4500
008 190216s9999||||xx |||||||||||||| ||und||
100 _aThomas.C.T
245 0 _aLearning Through Pleasure
260 _bMacmillan India Ltd
942 _cBK
999 _c13050
_d13050